La misión continental para una iglesia misionera

Saved in:
Bibliografiske detaljer
Institution som forfatter: Consejo Episcopal Latinoamericano (Author)
Format: Bog
Sprog:spansk
Udgivet: Bogotá CELAM 2008
Udgivelse:1a. ed
Fag:
Tags: Tilføj Tag
Ingen Tags, Vær først til at tagge denne postø!

MARC

LEADER 00000cam a2200000 a 4500
001 UCC6827
003 CL-VaPUC
008 190111e20080000ck |||||||||||||||||spa|d
020 |a 9789586256636 
082 0 4 |a 262.91  |b CON  |2 21 
110 2 |a Consejo Episcopal Latinoamericano  |e author  |9 601346 
245 1 3 |a La misión continental para una iglesia misionera 
250 |a 1a. ed 
300 |a 58 p 
942 |c BK 
945 |d 20190111 14:04:00  |a dcastane 
260 |a Bogotá  |b CELAM  |c 2008 
650 7 |a MISIONES CATOLICAS  |2 CL-VaPUC  |9 265978 
650 0 |a Laicismo  |9 313856 
650 0 |a Iglesia Católica  |9 256114 
583 |a last modification  |c 20190111 14:04:00  |k Rodrigo Vera 
999 |c 373677  |d 373675 
952 |0 0  |1 0  |3 erb  |4 0  |6 262_910000000000000_CON_2008  |7 0  |8 A  |9 491886  |a BIBTEO  |b BIBTEO  |i 5528615  |o 262.91 CON 2008  |p 5528615  |r 2025-01-17  |w 2019-11-24  |y BK  |z Catalogado en:20190111  |k ICR